| 000 | 00993nam a2200325Ic 4500 | ||
|---|---|---|---|
| 001 | 59725 | ||
| 003 | CO-BoRNBP | ||
| 005 | 20251030153035.0 | ||
| 007 | ta | ||
| 008 | 180109s2017 ck a g 000 0 spa | ||
| 020 | _a9584258435 | ||
| 020 | _a9789584258434 \ | ||
| 040 |
_aCO-BoRNBP _bspa _erda _cCO-BoRNBP |
||
| 041 | _aspa | ||
| 082 | 0 | 4 |
_a523.8875 _bH18a |
| 100 |
_aHawking, Stephen, _d1942- _eaut _966441 |
||
| 245 | 1 | 0 |
_aAgujeros negros / _cStephen Hawking ; traducción de Javier Sampedro. |
| 250 | _aPrimera edición | ||
| 264 | 1 |
_aBogotá, Colombia : _bCrítica, _c2017 |
|
| 300 |
_a107 páginas : _bilustraciones en blanco y negro |
||
| 336 |
_atexto _btxt _2rdacontent |
||
| 337 |
_asin mediación _bn _2rdamedia |
||
| 338 |
_avolumen _bnc _2rdacarrier |
||
| 490 | 0 | _aDrakontos | |
| 650 | 0 | 7 |
_aCiencias del espacio _2LEMB _966442 |
| 650 | 0 | 7 |
_aRelatividad _2lemb _966443 |
| 650 | 0 | 7 |
_aAstronomia _2LEMB |
| 700 |
_aSampedro Pleite, Javier _d1960- _etrl _966444 |
||
| 942 |
_2ddc _cBK |
||
| 999 |
_c59725 _d59725 |
||